| Tag |
First Indicator |
Second Indicator |
Subfields |
| LEADER |
00000cam a2200000Ia 4500 |
| 001 |
in00002019607 |
| 005 |
20151031164717.0 |
| 007 |
cr un--------- |
| 008 |
040903s2004 gw a 101 0 eng d |
| 020 |
|
|
|a 3540230351 (pbk.)
|
| 035 |
|
|
|a (OCoLC)ocm56425857
|
| 040 |
|
|
|a OHX
|c OHX
|d CUS
|d C$Q
|d TXA
|d UtOrBLW
|
| 049 |
|
|
|a TXAM
|
| 072 |
|
7 |
|a Q
|2 lcco
|
| 090 |
|
|
|a QA76.6
|b .S418 2004
|
| 111 |
2 |
|
|a SCOPES 2004
|d (2004 :
|c Amsterdam, Netherlands)
|
| 245 |
1 |
0 |
|a Software and compilers for embedded systems :
|b 8th international workshop, SCOPES 2004, Amsterdam, The Netherlands, September 2-3, 2004 : proceedings /
|c Henk Schepers (ed.).
|
| 246 |
3 |
0 |
|a SCOPES 2004
|
| 264 |
|
1 |
|a Berlin ;
|a New York :
|b Springer,
|c 2004.
|
| 300 |
|
|
|a x, 258 pages :
|b illustrations ;
|c 24 cm.
|
| 336 |
|
|
|a text
|b txt
|2 rdacontent
|
| 337 |
|
|
|a computer
|b c
|2 rdamedia
|
| 338 |
|
|
|a online resource
|b cr
|2 rdacarrier
|
| 490 |
1 |
|
|a Lecture notes in computer science,
|x 0302-9743 ;
|v 3199
|
| 504 |
|
|
|a Includes bibliographical references and index.
|
| 530 |
|
|
|a Also issued online.
|
| 650 |
|
0 |
|a Embedded computer systems
|v Congresses.
|
| 650 |
|
0 |
|a Compilers (Computer programs)
|v Congresses.
|
| 700 |
1 |
|
|a Schepers, Henk.
|
| 830 |
|
0 |
|a Lecture notes in computer science ;
|v 3199.
|
| 856 |
4 |
1 |
|u http://www.springerlink.com/openurl.asp?genre=issue&issn=0302-9743&volume=3199
|t 0
|
| 938 |
|
|
|a Otto Harrassowitz
|b HARR
|n har045019811
|c 48.15 EUR
|
| 994 |
|
|
|a C0
|b TXA
|
| 948 |
|
|
|a cataloged
|b h
|c 2005/1/19
|d c
|e blrosas
|f 9:50:13 am
|
| 999 |
|
|
|a MARS
|
| 999 |
f |
f |
|s 367b3d57-94b7-3a2f-a373-8232796ec8c0
|i 80ec3fcd-1602-341a-9301-f40c80791561
|t 0
|
| 952 |
f |
f |
|p ric
|a Texas A&M University
|b Rellis Campus
|c Joint Library Facility
|d Remote Storage
|t 0
|e QA76.6 .S418 2004
|h Library of Congress classification
|i computer -- online resource
|m A14831698320
|
| 998 |
f |
f |
|a QA76.6 .S418 2004
|t 0
|l Remote Storage
|